<?xml version="1.0" encoding="UTF-8"?>
<record
    xmlns:xsi="http://www.w3.org/2001/XMLSchema-instance"
    xsi:schemaLocation="http://www.loc.gov/MARC21/slim http://www.loc.gov/standards/marcxml/schema/MARC21slim.xsd"
    xmlns="http://www.loc.gov/MARC21/slim">

  <leader>00504nam a2200145   4500</leader>
  <controlfield tag="005">20240624095443.0</controlfield>
  <controlfield tag="008">240624b        |||||||| |||| 00| 0 eng d</controlfield>
  <datafield tag="040" ind1=" " ind2=" ">
    <subfield code="c">PK-LaUMT</subfield>
  </datafield>
  <datafield tag="082" ind1=" " ind2=" ">
    <subfield code="a">APC 297.4092</subfield>
    <subfield code="b">AMI-H</subfield>
  </datafield>
  <datafield tag="100" ind1=" " ind2=" ">
    <subfield code="a">Amin, Pir Muhammad = &#x627;&#x645;&#x6CC;&#x646; &#x67E;&#x6CC;&#x631; &#x645;&#x62D;&#x645;&#x62F;</subfield>
    <subfield code="9">116</subfield>
  </datafield>
  <datafield tag="245" ind1=" " ind2=" ">
    <subfield code="a">Hazrat Baba Farid Gunj Shakar Rahatullah Aleh aur bahishti darwazah =    /</subfield>
    <subfield code="c">by Pir Muhammad Amin = &#x627;&#x632; &#x67E;&#x6CC;&#x631; &#x645;&#x62D;&#x645;&#x62F; &#x627; &#x645;&#x6CC;&#x646;</subfield>
  </datafield>
  <datafield tag="260" ind1=" " ind2=" ">
    <subfield code="a">Lahore :</subfield>
    <subfield code="b">Azeem Publishers,</subfield>
    <subfield code="c">2004</subfield>
  </datafield>
  <datafield tag="300" ind1=" " ind2=" ">
    <subfield code="a">48 p.</subfield>
  </datafield>
  <datafield tag="942" ind1=" " ind2=" ">
    <subfield code="c">BK</subfield>
  </datafield>
  <datafield tag="999" ind1=" " ind2=" ">
    <subfield code="c">134342</subfield>
    <subfield code="d">134342</subfield>
  </datafield>
  <datafield tag="952" ind1=" " ind2=" ">
    <subfield code="0">0</subfield>
    <subfield code="1">0</subfield>
    <subfield code="4">0</subfield>
    <subfield code="7">0</subfield>
    <subfield code="a">01</subfield>
    <subfield code="b">01</subfield>
    <subfield code="d">2024-06-24</subfield>
    <subfield code="l">0</subfield>
    <subfield code="o">APC 297.4092 AMI-H</subfield>
    <subfield code="p">146440</subfield>
    <subfield code="r">2024-06-24 09:54:58</subfield>
    <subfield code="w">2024-06-24</subfield>
    <subfield code="y">BK</subfield>
  </datafield>
</record>
